000
00222nam a2200097Ia 4500
008
230907s9999||||xx |||||||||||||| ||und||
082
_a
327.1747
_b
NUC
245
0
_a
Nuclear politics /
300
_a
4 volumes ;
942
_c
BK
999
_c
600730
_d
600730